000 00293nam a2200109Ia 4500
008 210430s9999 xx 000 0 und d
082 _a747 Q95M
100 _aEngr. Sharf Ud Din Qureshi
_954641
245 _aMakan Khud Banwayen
_cEngr. Sharf Ud Din Qureshi
300 _a192
942 _cBK
_2ddc
999 _c565279
_d565279